[Event "Ä17Â "]
[Site "Loo"]
[Date "2017.04.20"]
[Round "1.2"]
[White "Ãîëüöåâà, Åêàòåðèíà."]
[Black "Ãàðìàø, Àëåíà."]
[Result "1-0"]
[WhiteElo "2211"]
[BlackElo "1844"]
[PlyCount "57"]
[EventDate "2017.04.20"]

1. d4 Nf6 2. c4 g6 3. Nc3 Bg7 4. e4 d6 5. Nge2 O-O 6. Ng3 e5 7. d5 a5 8. h4 h5
9. Bg5 Qe8 10. Qd2 Kh7 11. Be2 Na6 12. Nf1 Ng8 13. g4 f6 14. gxh5 gxh5 15. Ng3
Bh6 16. Bxh5 Qe7 17. Bxh6 Nxh6 18. Rg1 Rg8 19. O-O-O Nc5 20. Qc2 Bd7 21. Kb1
Raf8 22. Nf5 Qd8 23. f3 Nxf5 24. exf5 Be8 25. Bg6+ Bxg6 26. fxg6+ Kg7 27. Ne2
f5 28. Ng3 Kxg6 29. Nxf5+ 1-0

[Event "Ä17Â "]
[Site "Loo"]
[Date "2017.04.20"]
[Round "1.3"]
[White "×åìáîðèñîâà, Ýëèíà."]
[Black "Ýðäûíèåâà, Îþíà."]
[Result "0-1"]
[WhiteElo "1840"]
[BlackElo "2183"]
[PlyCount "82"]
[EventDate "2017.04.20"]

1. e4 e6 2. d4 d5 3. Nd2 c5 4. exd5 Qxd5 5. Ngf3 cxd4 6. Bc4 Qd6 7. O-O Nf6 8.
Nb3 Nc6 9. Nbxd4 Nxd4 10. Qxd4 Qxd4 11. Nxd4 Bd7 12. Bf4 Rc8 13. Bb3 Bc5 14.
Rad1 O-O 15. Nf3 Bc6 16. Nd4 Bd5 17. c4 Be4 18. Nb5 Rcd8 19. Bd6 Bxd6 20. Rxd6
Rxd6 21. Nxd6 Bc6 22. Bc2 Rd8 23. Rd1 Kf8 24. a4 Ke7 25. Nb5 Rxd1+ 26. Bxd1
Bxb5 27. axb5 Kd6 28. b4 Ke5 29. c5 Nd5 30. Bf3 Nxb4 31. Bxb7 Kd4 32. c6 Nd5
33. Kf1 Kc5 34. Ke2 Kxb5 35. Kf3 Kb6 36. Ke4 Ne7 37. f4 Nxc6 38. Bc8 Nb8 39. f5
Kc7 40. fxe6 Kxc8 41. exf7 Nd7 0-1

[Event "Ä17Â "]
[Site "Loo"]
[Date "2017.04.20"]
[Round "1.4"]
[White "Ïåòðî÷åíêî, Ìàðèÿ."]
[Black "Ïèâèíà, Ìàðèÿ."]
[Result "1/2-1/2"]
[WhiteElo "2141"]
[BlackElo "1827"]
[PlyCount "102"]
[EventDate "2017.04.20"]

1. d4 d5 2. c4 e6 3. Nf3 Nf6 4. g3 Bb4+ 5. Bd2 Be7 6. Bg2 O-O 7. O-O c6 8. Qc2
Nbd7 9. Bf4 b6 10. Rd1 Ba6 11. Ne5 Rc8 12. cxd5 Nxd5 13. Nxc6 Nb4 14. Qa4 Nxc6
15. Bxc6 Bxe2 16. Re1 b5 17. Qa6 Nb6 18. Rxe2 Rxc6 19. Qxb5 Qxd4 20. Nc3 Qc4
21. Qxc4 Rxc4 22. Be5 Rd8 23. Kf1 f6 24. Bf4 e5 25. Be3 Rd7 26. Rd2 Bc5 27.
Rxd7 Nxd7 28. Rd1 Bxe3 29. fxe3 Nb6 30. Rd8+ Kf7 31. Ke2 Rc8 32. Rxc8 Nxc8 33.
b4 Ke6 34. a4 Kd6 35. e4 a6 36. Kd3 g6 37. g4 Kc6 38. Kc4 Nd6+ 39. Kd3 Nc8 40.
h4 h5 41. gxh5 gxh5 42. Nd5 f5 43. Nf6 Nd6 44. Nxh5 Nxe4 45. Ng7 Ng3 46. h5 e4+
47. Ke3 Nxh5 48. Nxh5 Kd5 49. Nf6+ Kc4 50. b5 axb5 51. axb5 Kxb5 1/2-1/2

[Event "Ä17Â "]
[Site "Loo"]
[Date "2017.04.20"]
[Round "1.5"]
[White "Ýñàóëîâà, Ìàðôà."]
[Black "Êîçèíà, Àíàñòàñèÿ."]
[Result "0-1"]
[WhiteElo "1826"]
[BlackElo "2117"]
[PlyCount "56"]
[EventDate "2017.04.20"]

1. Nf3 e6 2. c4 Nf6 3. g3 d5 4. d4 Be7 5. Bg2 O-O 6. O-O dxc4 7. Ne5 Nc6 8.
Nxc6 bxc6 9. Bxc6 Rb8 10. b3 cxb3 11. axb3 a6 12. e3 Nd5 13. Ba3 Bxa3 14. Rxa3
Rb6 15. Bxd5 Qxd5 16. Nd2 Bb7 17. f3 c5 18. Nc4 Rb5 19. dxc5 Qxc5 20. Qd6 Qh5
21. e4 h6 22. Qd2 f5 23. Qd6 fxe4 24. Qxe6+ Kh7 25. Qe7 Rxf3 26. Re1 Rf7 27.
Qh4 Qf3 28. Ra2 e3 0-1

[Event "Ä17Â "]
[Site "Loo"]
[Date "2017.04.20"]
[Round "1.6"]
[White "Çîòîâà, Àíàñòàñèÿ."]
[Black "Ïîëçóíîâà, Àíàñòàñèÿ."]
[Result "1-0"]
[WhiteElo "2067"]
[BlackElo "1814"]
[PlyCount "91"]
[EventDate "2017.04.20"]

1. e4 e6 2. d4 d5 3. Nc3 dxe4 4. Nxe4 Nd7 5. Nf3 Ngf6 6. Nxf6+ Nxf6 7. Be3 Be7
8. Bd3 O-O 9. O-O b6 10. Ne5 Bb7 11. c4 Rc8 12. Qe2 c5 13. Rad1 Qc7 14. Bf4 Bd6
15. Bg5 Be7 16. dxc5 Qxc5 17. Bxf6 Bxf6 18. Nd7 Qg5 19. f4 Qh4 20. Nxf8 Kxf8
21. Be4 Ba6 22. b3 Rc5 23. Rd3 b5 24. Qd1 Be7 25. g3 Qf6 26. Rd7 Rc8 27. Bb7
Bxb7 28. Rxb7 Qf5 29. Rxb5 Bc5+ 30. Kh1 Qe4+ 31. Qf3 Qxf3+ 32. Rxf3 Bb6 33. Rc3
Bd4 34. Rd3 Bb6 35. a4 Rc5 36. Rxc5 Bxc5 37. Rd7 Ke8 38. Rb7 h6 39. b4 Bd4 40.
a5 g5 41. c5 Bc3 42. b5 Bxa5 43. Rxa7 Bb4 44. c6 Bd6 45. fxg5 hxg5 46. b6 1-0

[Event "Ä17Â "]
[Site "Loo"]
[Date "2017.04.20"]
[Round "1.7"]
[White "Çàõàðîâà, Òàòüÿíà."]
[Black "Íîñà÷åâà, Ìàðèÿ."]
[Result "0-1"]
[WhiteElo "1811"]
[BlackElo "2063"]
[PlyCount "66"]
[EventDate "2017.04.20"]

1. e4 c5 2. Nf3 d6 3. d4 cxd4 4. Qxd4 Nc6 5. Bb5 Bd7 6. Bxc6 Bxc6 7. Nc3 Nf6 8.
Bg5 e6 9. O-O-O Be7 10. Qd3 Qa5 11. Rhe1 O-O 12. h4 Rac8 13. Kb1 b5 14. Nd4 a6
15. f4 b4 16. Nxc6 Rxc6 17. Ne2 Rfc8 18. Nd4 Rc4 19. Re2 h6 20. Bxf6 Bxf6 21.
Nb3 Qh5 22. Red2 Bxh4 23. Qh3 Rxc2 24. g4 Rxd2 25. Rxd2 Qb5 26. Nd4 Qb7 27.
Qxh4 Qxe4+ 28. Nc2 Qxf4 29. Rf2 Qe4 30. Qh5 f6 31. Qh3 d5 32. Rd2 Rc4 33. Rg2
a5 0-1

[Event "Ä17Â "]
[Site "Loo"]
[Date "2017.04.20"]
[Round "1.8"]
[White "Ãîëîâêèíà, Àíàñòàñèÿ."]
[Black "Êèðàêîñÿí, Êàìèëà."]
[Result "1-0"]
[WhiteElo "2061"]
[BlackElo "1803"]
[PlyCount "107"]
[EventDate "2017.04.20"]

1. e4 c5 2. Nf3 g6 3. d4 cxd4 4. Nxd4 Bg7 5. c4 Nc6 6. Be3 Nf6 7. Nc3 d6 8. Be2
O-O 9. Qd2 a5 10. b3 Bd7 11. O-O Nxd4 12. Bxd4 Bc6 13. f3 Nd7 14. Be3 Nc5 15.
Rab1 Qb6 16. Rfc1 Rfc8 17. Rc2 Qb4 18. Qc1 Qb6 19. a3 Qd8 20. Bf1 Qf8 21. Qd2
a4 22. b4 Nb3 23. Qd3 e6 24. b5 Be8 25. Nxa4 Na1 26. Rxa1 Rxa4 27. Raa2 Qe7 28.
Bf4 Rd8 29. Rd2 Bf8 30. Qb3 Raa8 31. a4 Qc7 32. Be3 Qa5 33. Bd4 Bh6 34. Rd1 e5
35. Bc3 Qc7 36. Bb4 Bf8 37. Rad2 Rd7 38. Qa3 Rad8 39. a5 f6 40. g3 Bf7 41. Bh3
Qxc4 42. Bxd7 Rxd7 43. Bxd6 Bh6 44. Rd3 Qxb5 45. Qc5 Qc4 46. Qxc4 Bxc4 47. Rc3
Bb5 48. Rc7 Rd8 49. Rxb7 Be2 50. Rd5 Bc4 51. Rb8 Rxb8 52. Bxb8 Be3+ 53. Kg2 Bd4
54. Rd6 1-0

[Event "Ä17Â "]
[Site "Loo"]
[Date "2017.04.20"]
[Round "1.9"]
[White "Ïåð÷, Ñîôüÿ."]
[Black "ßíó÷åíêî, Ïîëèíà."]
[Result "0-1"]
[WhiteElo "1802"]
[BlackElo "2060"]
[PlyCount "46"]
[EventDate "2017.04.20"]

1. d4 Nf6 2. c4 c5 3. d5 b5 4. cxb5 a6 5. e3 g6 6. Nc3 Bg7 7. Nf3 O-O 8. Bc4
axb5 9. Bxb5 Qa5 10. O-O Ne4 11. Nxe4 Qxb5 12. Qc2 d6 13. Nc3 Qb6 14. Re1 Nd7
15. b3 Ba6 16. Bb2 Nf6 17. Nd2 Rab8 18. Rab1 Qb4 19. Ba1 Rfc8 20. e4 Ng4 21.
Nf3 Bd4 22. Nd1 Ne5 23. Nxe5 Qxe1# 0-1

[Event "Ä17Â "]
[Site "Loo"]
[Date "2017.04.20"]
[Round "1.10"]
[White "Êî÷óêîâà, Àííà."]
[Black "Ñòðîãàíîâà, Êàðèíà."]
[Result "1-0"]
[WhiteElo "2035"]
[BlackElo "1790"]
[PlyCount "67"]
[EventDate "2017.04.20"]

1. e4 e5 2. Nf3 Nc6 3. Bb5 Nge7 4. Nc3 g6 5. d4 exd4 6. Nd5 Bg7 7. Bg5 h6 8.
Bf6 Bxf6 9. Nxf6+ Kf8 10. Qd2 d5 11. Bxc6 Nxc6 12. Nxd5 Bf5 13. Nxc7 Qxc7 14.
exf5 Re8+ 15. Kf1 Kg7 16. fxg6 fxg6 17. Nxd4 Kh7 18. Nf3 Rhf8 19. h4 Rd8 20.
Qc3 Qf4 21. Re1 Rd7 22. Rh3 Rc7 23. Ng5+ Kg8 24. Rf3 hxg5 25. Rxf4 gxf4 26. Qd3
Kg7 27. Re6 Rf5 28. Qd6 Rcf7 29. Rxg6+ Kh7 30. Rh6+ Kg7 31. Qg6+ Kf8 32. Rh8+
Ke7 33. Rh7 Ne5 34. Qxf5 1-0

[Event "Ä17Â "]
[Site "Loo"]
[Date "2017.04.20"]
[Round "1.11"]
[White "Ïàíêîâà, Þëèÿ."]
[Black "Ñàêîðåíêî, Àäðèàíà."]
[Result "1/2-1/2"]
[WhiteElo "1786"]
[BlackElo "2007"]
[PlyCount "65"]
[EventDate "2017.04.20"]

1. e4 c6 2. d4 d5 3. exd5 cxd5 4. Bd3 Nc6 5. c3 Qc7 6. Ne2 Bg4 7. O-O e6 8. Qe1
Bd6 9. f3 Bh5 10. Qh4 Bg6 11. Bxg6 fxg6 12. Bf4 Nge7 13. Bxd6 Qxd6 14. Na3 O-O
15. Qg3 Nf5 16. Qxd6 Nxd6 17. Nc1 g5 18. Nd3 b6 19. Rae1 Rae8 20. Re2 Re7 21.
Rfe1 Kf7 22. Nc2 a5 23. Ne3 Ke8 24. Ng4 Kd7 25. Nge5+ Nxe5 26. Nxe5+ Kc7 27.
Rc1 Kb7 28. Nd3 Kc7 29. Ne5 Kb7 30. Nd3 Kc7 31. Ne5 Kb7 32. Nd3 Kc7 33. Ne5
1/2-1/2

[Event "Ä17Â "]
[Site "Loo"]
[Date "2017.04.20"]
[Round "1.12"]
[White "Øàôèãóëëèíà, Çàðèíà."]
[Black "Çèííàòóëëèíà, Àäåëÿ."]
[Result "1-0"]
[WhiteElo "1997"]
[BlackElo "1778"]
[PlyCount "45"]
[EventDate "2017.04.20"]

1. e4 e6 2. d4 d5 3. Nd2 dxe4 4. Nxe4 Nf6 5. Nxf6+ Qxf6 6. Nf3 h6 7. Bd3 Nd7 8.
Bd2 Qd8 9. O-O Bd6 10. Re1 O-O 11. Re4 Re8 12. Qc1 Bf8 13. Rh4 b6 14. c3 Bb7
15. Rh3 e5 16. Bg5 f6 17. Bc4+ Kh7 18. Be3 c5 19. Qc2+ e4 20. Nh4 cxd4 21. cxd4
Rc8 22. Qb3 Qc7 23. Bg8+ 1-0

[Event "Ä17Â "]
[Site "Loo"]
[Date "2017.04.20"]
[Round "1.13"]
[White "Áó÷åëüíèêîâà, Êñåíèÿ."]
[Black "Ôèëèïïîâà, Äàðüÿ."]
[Result "0-1"]
[WhiteElo "1776"]
[BlackElo "1996"]
[PlyCount "100"]
[EventDate "2017.04.20"]

1. e4 c6 2. d4 d5 3. e5 Bf5 4. Be3 e6 5. Nf3 Nd7 6. Be2 h6 7. Nbd2 Ne7 8. O-O
Qc7 9. c4 dxc4 10. Bxc4 Nd5 11. Bxd5 cxd5 12. Rc1 Qb6 13. Qb3 Be7 14. Qxb6 axb6
15. a3 Bd3 16. Rfe1 Bb5 17. Rc3 Bc6 18. Rec1 b5 19. Rb3 Nb6 20. Ne1 Nc4 21. Nd3
Kd7 22. h3 f6 23. Nf3 Ra4 24. Rbc3 Raa8 25. Rb3 Raf8 26. Nh4 Rh7 27. Ng6 Ra8
28. Nxe7 Kxe7 29. Kf1 f5 30. Ke2 g5 31. f4 Rg8 32. Rf1 Rhg7 33. Rf2 Rg6 34. Bc1
Kd8 35. Rc3 Be8 36. Nc5 R8g7 37. Rg3 Kc8 38. Rc3 Kb8 39. Nd3 Ka7 40. Rc2 Rg8
41. Kf1 g4 42. h4 g3 43. Rf3 Rg4 44. Nc5 Rxh4 45. Nxe6 Rh1+ 46. Ke2 Bh5 47. Nc7
Rg1 48. Kd3 Bxf3 49. gxf3 g2 50. e6 Rd1+ 0-1

[Event "Ä17Â "]
[Site "Loo"]
[Date "2017.04.20"]
[Round "1.14"]
[White "Íàçàðîâà, Àíàñòàñèÿ."]
[Black "Êâà÷êî, Àíàñòàñèÿ."]
[Result "1-0"]
[WhiteElo "1964"]
[BlackElo "1772"]
[PlyCount "189"]
[EventDate "2017.04.20"]

1. e4 e6 2. d4 d5 3. Nd2 c5 4. dxc5 Bxc5 5. Bd3 Nc6 6. c3 Nf6 7. Qe2 d4 8. Nb3
Bb6 9. cxd4 Nxd4 10. Nxd4 Qxd4 11. Nf3 Qb4+ 12. Nd2 O-O 13. O-O e5 14. a3 Qe7
15. h3 Rd8 16. Nc4 Bd4 17. Bg5 h6 18. Bh4 Be6 19. Rfd1 b5 20. Ne3 a6 21. Rac1
Rac8 22. Rxc8 Rxc8 23. Nd5 Bxd5 24. exd5 Qd6 25. Qf3 Re8 26. Qf5 Bxb2 27. Bxf6
Qxf6 28. Qh7+ Kf8 29. d6 g5 30. d7 Rd8 31. Qe4 Bd4 32. Qf5 Qxf5 33. Bxf5 Ke7
34. Rc1 Kd6 35. Kf1 a5 36. Rc8 Bb6 37. f3 Ke7 38. Rc6 Bd4 39. Ra6 a4 40. Rc6 f6
41. g4 Bb2 42. Rb6 Bxa3 43. Rxb5 Ra8 44. Ke2 Bd6 45. Rb2 a3 46. Ra2 Rb8 47. Kd3
Rb3+ 48. Ke4 Bc7 49. Rc2 Bd8 50. Rc6 Rb4+ 51. Kd3 Ra4 52. Rc1 a2 53. Ra1 Bb6
54. Kc2 Ra3 55. Kb2 Rxf3 56. Kxa2 Rxh3 57. Rb1 Bd8 58. Rc1 Rh2+ 59. Kb3 Rd2 60.
Rh1 Rd4 61. Rxh6 Rf4 62. Rh8 Rxf5 63. gxf5 Kxd7 64. Kc4 Be7 65. Kd5 Bd8 66.
Rh7+ Be7 67. Rg7 e4 68. Kxe4 Kd6 69. Rf7 Bd8 70. Ra7 Bb6 71. Ra6 Kc5 72. Ra8
Bc7 73. Ra6 Be5 74. Ra8 Bb2 75. Rd8 Ba1 76. Kf3 Be5 77. Kg4 Ba1 78. Kh5 Kc4 79.
Rd1 Be5 80. Kg4 Bb2 81. Kf3 Be5 82. Ke4 Bb2 83. Rd2 Bc3 84. Rc2 Kb3 85. Kd3 Be5
86. Rc5 Ba1 87. Rb5+ Ka4 88. Rb7 Be5 89. Ke4 Bc3 90. Kd5 Be5 91. Re7 Bb2 92.
Kc4 Ka5 93. Re2 Bc1 94. Kd5 Bf4 95. Ke6 1-0

[Event "Ä17Â "]
[Site "Loo"]
[Date "2017.04.20"]
[Round "1.15"]
[White "Ñóâåðí¸âà, Àë¸íà."]
[Black "Àêñåíîâà, Ìàðèÿ."]
[Result "0-1"]
[WhiteElo "1768"]
[BlackElo "1923"]
[PlyCount "196"]
[EventDate "2017.04.20"]

1. d4 d6 2. c4 e5 3. d5 f5 4. e4 Nf6 5. exf5 Bxf5 6. Bd3 Bxd3 7. Qxd3 Be7 8.
Nc3 Na6 9. Nge2 O-O 10. O-O Nc5 11. Qc2 a5 12. f4 c6 13. Be3 Qc7 14. Bxc5 dxc5
15. Qf5 Bd6 16. dxc6 bxc6 17. Qe6+ Kh8 18. Rad1 Rad8 19. g3 Rfe8 20. Qf5 e4 21.
g4 Qd7 22. Ng3 e3 23. Qxd7 Rxd7 24. g5 Ng4 25. Rde1 Rf8 26. h3 Nf2 27. Rxe3
Nxh3+ 28. Kh2 Nxf4 29. Nce4 Bc7 30. Kh1 Re7 31. Ref3 Kg8 32. Nxc5 Ng6 33. Rxf8+
Nxf8 34. Nge4 Bb6 35. a3 Ne6 36. Nxe6 Rxe6 37. c5 Bc7 38. Re1 Kf7 39. Kg2 Ke7
40. Kf3 Re5 41. Rh1 Rf5+ 42. Ke3 Re5 43. Kd3 Kf7 44. Rxh7 Kg6 45. Rh8 Rd5+ 46.
Ke3 Be5 47. b4 axb4 48. axb4 Bd4+ 49. Ke2 Kf5 50. Nd6+ Kxg5 51. Rc8 Kf4 52.
Rxc6 Bc3 53. Nc4 Bxb4 54. Rg6 Rxc5 55. Rxg7 Rxc4 56. Kd3 Rc6 57. Rf7+ Ke5 58.
Rh7 Rc3+ 59. Ke2 Rg3 60. Rh5+ Kd4 61. Rh4+ Kc3 62. Rf4 Rg7 63. Rf3+ Kc2 64. Rf5
Re7+ 65. Kf3 Kd3 66. Rd5+ Kc4 67. Rd1 Bc3 68. Rd8 Bd4 69. Rc8+ Kd3 70. Rf8 Re1
71. Kg4 Rg1+ 72. Kh5 Ke4 73. Re8+ Kf5 74. Kh4 Bf6+ 75. Kh3 Kf4 76. Ra8 Be7 77.
Kh2 Rg6 78. Ra1 Kf3 79. Rf1+ Ke2 80. Rf5 Bd6+ 81. Kh3 Ke3 82. Kh4 Ke4 83. Ra5
Kf4 84. Kh5 Rg2 85. Rb5 Be5 86. Kh6 Kf5 87. Kh7 Rg7+ 88. Kh6 Rg8 89. Rb7 Rh8+
90. Rh7 Rg8 91. Rb7 Rf8 92. Ra7 Bd6 93. Kg7 Rc8 94. Ra2 Rc7+ 95. Kg8 Be5 96.
Ra6 Bf6 97. Ra5+ Kg6 98. Ra8 Rh7 0-1

[Event "Ä17Â "]
[Site "Loo"]
[Date "2017.04.20"]
[Round "1.16"]
[White "Ãðèãîðüåâà, Þëèÿ."]
[Black "Êîáçåâà, Òàòüÿíà."]
[Result "1-0"]
[WhiteElo "1922"]
[BlackElo "1753"]
[PlyCount "81"]
[EventDate "2017.04.20"]

1. d4 d5 2. c4 e5 3. e3 exd4 4. exd4 Bb4+ 5. Nc3 Qe7+ 6. Be3 Nf6 7. Be2 O-O 8.
h3 Ne4 9. Qc1 dxc4 10. Bxc4 Nd7 11. Nf3 c5 12. O-O Ndf6 13. a3 Bxc3 14. bxc3 a6
15. a4 cxd4 16. Bxd4 Qc7 17. Bd3 Bd7 18. Ne5 Nc5 19. Bc2 Rac8 20. Qg5 Ne6 21.
Qd2 Nxd4 22. Nxd7 Nxd7 23. Qxd4 Nb6 24. Rab1 Nc4 25. Qe4 g6 26. Rxb7 Qa5 27.
Qd4 Na3 28. Bb3 Qxc3 29. Qf4 Qg7 30. Rc1 g5 31. Qxf7+ Qxf7 32. Bxf7+ Kh8 33.
Re1 Rcd8 34. Ree7 Kg7 35. Bb3+ Kg6 36. Re6+ Rf6 37. Rxf6+ Kxf6 38. Rb6+ Kf5 39.
Rxa6 Rd3 40. Bg8 h5 41. Bh7+ 1-0

[Event "Ä17Â "]
[Site "Loo"]
[Date "2017.04.20"]
[Round "1.17"]
[White "Áû÷åíêîâà, Þëèÿ."]
[Black "Ñêîìîðîõèíà, Åêàòåðèíà."]
[Result "0-1"]
[WhiteElo "1730"]
[BlackElo "1917"]
[PlyCount "94"]
[EventDate "2017.04.20"]

1. d4 Nf6 2. Nf3 e6 3. c4 Bb4+ 4. Bd2 Qe7 5. Nc3 b6 6. g3 Bb7 7. Bg2 O-O 8. O-O
d6 9. Qc2 Nbd7 10. Rfe1 Bxc3 11. Bxc3 Be4 12. Qd2 e5 13. d5 Rae8 14. Nh4 Bxg2
15. Nf5 Qd8 16. Qg5 g6 17. Kxg2 Nxd5 18. Nh6+ Kg7 19. Nxf7 Qa8 20. Qh6+ Kg8 21.
e4 Nxc3 22. Ng5 Nf6 23. bxc3 Qc6 24. Re3 Qd7 25. h3 Qg7 26. Qxg7+ Kxg7 27. Nf3
a5 28. a4 Nd7 29. Nd2 Nc5 30. Rf3 h6 31. Re3 g5 32. Nf1 Rf7 33. g4 Ref8 34. f3
h5 35. Ng3 hxg4 36. Nf5+ Rxf5 37. exf5 gxh3+ 38. Kxh3 Rxf5 39. Kg4 Kg6 40. Ree1
Rf4+ 41. Kg3 Rxc4 42. Rh1 Rxc3 43. Rh8 e4 44. Rg8+ Kf5 45. Rf8+ Ke5 46. Kg4 e3
47. Kxg5 Ne6+ 0-1

[Event "Ä17Â "]
[Site "Loo"]
[Date "2017.04.20"]
[Round "1.18"]
[White "Ñåðäèòûõ, Îëåñÿ."]
[Black "Åìåëüÿíîâà, Âèêòîðèÿ."]
[Result "1-0"]
[WhiteElo "1915"]
[BlackElo "1713"]
[PlyCount "99"]
[EventDate "2017.04.20"]

1. d4 d5 2. Nf3 Nf6 3. c4 c6 4. Nc3 e6 5. Bg5 h6 6. Bxf6 Qxf6 7. e3 Nd7 8. Bd3
dxc4 9. Bxc4 g6 10. O-O Bg7 11. b4 O-O 12. Qb3 Qe7 13. e4 b6 14. Rad1 Bb7 15.
Rfe1 Qf6 16. Re3 a5 17. a3 Rfe8 18. e5 Qe7 19. Ne4 c5 20. Nd6 cxd4 21. Nxd4
Nxe5 22. Nxe8 Nxc4 23. Qxc4 Rxe8 24. Nf3 Rc8 25. Qb5 Qc7 26. h3 Qc2 27. Qd3 Qc6
28. Ree1 e5 29. Qd7 Qxd7 30. Rxd7 Bxf3 31. gxf3 Rc3 32. Re3 axb4 33. axb4 Rxe3
34. fxe3 Bf8 35. b5 Bc5 36. Kf2 Kg7 37. Ke2 Kf6 38. Rc7 Ke6 39. Kd3 f6 40. Rc6+
Ke7 41. Ke4 g5 42. Kf5 Bxe3 43. Rxf6 h5 44. Re6+ Kd7 45. Rxe5 Bf4 46. Rd5+ Ke7
47. h4 Bc1 48. hxg5 Kf7 49. g6+ Kg7 50. Rd7+ 1-0

[Event "Ä17Â "]
[Site "Loo"]
[Date "2017.04.20"]
[Round "1.19"]
[White "Õîðóíæåâà, Êñåíèÿ."]
[Black "Êîðîë¸âà, Åâãåíèÿ."]
[Result "0-1"]
[WhiteElo "1688"]
[BlackElo "1909"]
[PlyCount "52"]
[EventDate "2017.04.20"]

1. d4 d5 2. c4 dxc4 3. e3 Nf6 4. Bxc4 e6 5. Nf3 a6 6. a4 b6 7. O-O Bb7 8. Nc3
c5 9. b3 cxd4 10. Nxd4 Nbd7 11. Bxe6 fxe6 12. Nxe6 Qc8 13. Ne2 Nc5 14. Nxf8
Rxf8 15. Ba3 Rf7 16. Rc1 Qc6 17. f3 Qe6 18. Bxc5 bxc5 19. Re1 Qxe3+ 20. Kh1 Re7
21. Rc3 Qf2 22. Rd3 Nd5 23. Rf1 Qxe2 24. h3 Qxd1 25. Rfxd1 Rd8 26. Kh2 Red7 0-1

[Event "Ä17Â "]
[Site "Loo"]
[Date "2017.04.20"]
[Round "1.20"]
[White "Øàõìàòîâà, Êñåíèÿ."]
[Black "Èâàí÷åíêî, Àëåêñàíäðà."]
[Result "1/2-1/2"]
[WhiteElo "1903"]
[BlackElo "1684"]
[PlyCount "105"]
[EventDate "2017.04.20"]

1. c4 c6 2. Nf3 d5 3. d4 e6 4. Nc3 f5 5. g3 Nf6 6. Bg2 Bd6 7. O-O O-O 8. Kh1
Nbd7 9. Qc2 Ne4 10. Kg1 Qe8 11. Ng5 Nxg5 12. Bxg5 Qg6 13. Bd2 Nf6 14. f3 Bd7
15. Rac1 dxc4 16. e4 Be7 17. Ne2 b5 18. Nf4 Qf7 19. b3 cxb3 20. Qxb3 Rac8 21.
Nd3 Qg6 22. Ne5 Qe8 23. exf5 Nd5 24. Nxd7 Qxd7 25. fxe6 Qxe6 26. f4 Kh8 27.
Rfe1 Qd7 28. Bxd5 cxd5 29. Re5 Rxc1+ 30. Bxc1 Bf6 31. Qxd5 Qc8 32. Re1 Qc3 33.
Qe4 Qxd4+ 34. Qxd4 Bxd4+ 35. Kg2 Bf6 36. Ba3 Rc8 37. Bb4 Rc2+ 38. Kh3 Kg8 39.
a3 Kf7 40. Rd1 Ke6 41. Rd6+ Kf5 42. Rd5+ Ke4 43. Rxb5 Kf3 44. Rd5 Ke4 45. Rd7
Bd4 46. Re7+ Kf3 47. Rd7 Bg1 48. Rd2 Rxd2 49. Bxd2 Bc5 50. Bc1 Ke2 51. g4 Kd1
52. Bb2 g6 53. f5 1/2-1/2

[Event "Ä17Â "]
[Site "Loo"]
[Date "2017.04.20"]
[Round "1.21"]
[White "Åãîðîâà, Âàëåíòèíà."]
[Black "Òðîÿíîê, Òàòüÿíà."]
[Result "0-1"]
[WhiteElo "1642"]
[BlackElo "1902"]
[PlyCount "72"]
[EventDate "2017.04.20"]

1. d4 Nf6 2. c4 g6 3. Nc3 Bg7 4. e3 d6 5. Nf3 O-O 6. Bd3 Nbd7 7. O-O e5 8. b3
Re8 9. Bc2 b6 10. Bb2 c6 11. Ne4 Qc7 12. Nxf6+ Bxf6 13. dxe5 dxe5 14. Rb1 e4
15. Nd4 Be5 16. h3 Nf6 17. Ne2 Bxb2 18. Rxb2 Qe5 19. Rb1 Nh5 20. Qd4 Qg5 21.
Kh1 Bf5 22. Qc3 Qh4 23. Kh2 g5 24. Ng3 Bg6 25. Nxh5 Qxh5 26. Bd1 Qh6 27. Be2 f5
28. g3 Re6 29. Kg2 Rf8 30. f4 exf3+ 31. Bxf3 g4 32. hxg4 Rxe3 33. Qd4 fxg4 34.
Bxg4 Be4+ 35. Bf3 Re2+ 36. Kg1 Qh2# 0-1

[Event "Ä17Â "]
[Site "Loo"]
[Date "2017.04.20"]
[Round "1.22"]
[White "Áóäíèêîâà, Âàðâàðà."]
[Black "Ïîïîâà, Äàðüÿ."]
[Result "1-0"]
[WhiteElo "1900"]
[BlackElo "1504"]
[PlyCount "57"]
[EventDate "2017.04.20"]

1. e4 c5 2. c3 d6 3. d4 Nf6 4. Bd3 e5 5. Nf3 cxd4 6. cxd4 Bg4 7. Qa4+ Bd7 8.
Qb3 Nc6 9. Ng5 Qe7 10. d5 Na5 11. Qc3 Rc8 12. Qd2 h6 13. Nf3 Qd8 14. Na3 b6 15.
O-O Nb7 16. b4 Be7 17. Qe2 a5 18. bxa5 bxa5 19. Ba6 Rb8 20. Bd2 Nc5 21. Bd3 O-O
22. Rfc1 g5 23. Nc4 a4 24. Ba5 Qe8 25. Bc7 Nh5 26. g3 Nxd3 27. Qxd3 f5 28. Nxd6
Qg6 29. Nxe5 1-0

[Event "Ä17Â "]
[Site "Loo"]
[Date "2017.04.20"]
[Round "1.23"]
[White "Ìóðàâüåâà, Êñåíèÿ."]
[Black "Âîðîáüåâà, Âàëåðèÿ."]
[Result "0-1"]
[WhiteElo "1369"]
[BlackElo "1898"]
[PlyCount "54"]
[EventDate "2017.04.20"]

1. e4 c5 2. c3 d5 3. exd5 Qxd5 4. d4 Nf6 5. Nf3 Bg4 6. Be2 e6 7. O-O Nc6 8. h3
Bh5 9. a3 Be7 10. c4 Qd8 11. dxc5 Bxc5 12. b4 Be7 13. Bb2 O-O 14. Nc3 a6 15.
Rc1 Qc7 16. c5 Rfd8 17. Qe1 Rd7 18. Rd1 Rad8 19. Rxd7 Nxd7 20. Qc1 Bxf3 21.
Bxf3 Nd4 22. Be4 Ne5 23. Kh1 f5 24. Bb1 Nef3 25. g3 Qc6 26. Rg1 Nh4+ 27. Kh2
Ndf3+ 0-1

[Event "Ä17Â "]
[Site "Loo"]
[Date "2017.04.20"]
[Round "1.24"]
[White "Ôîêèíà, Ýëèíà."]
[Black "Òàíäåëîâà, Èðèíà."]
[Result "1-0"]
[WhiteElo "1878"]
[BlackElo "1271"]
[PlyCount "63"]
[EventDate "2017.04.20"]

1. e4 c5 2. Nf3 g6 3. d4 Bg7 4. Nc3 cxd4 5. Nxd4 Nc6 6. Be3 Nf6 7. Bc4 Qc7 8.
Bb3 O-O 9. f3 e6 10. Qd2 Rd8 11. Ndb5 Qa5 12. Nd6 Ne8 13. Nc4 Qh5 14. h4 Ne5
15. O-O-O Nxc4 16. Bxc4 Qa5 17. g4 Bxc3 18. bxc3 b5 19. Bb3 Qa3+ 20. Kb1 a5 21.
Bb6 a4 22. Bxd8 Bb7 23. Bb6 d5 24. h5 axb3 25. cxb3 Nd6 26. hxg6 fxg6 27. Rh2
Bc6 28. Qh6 Nf7 29. Qxh7+ Kf8 30. Qxg6 b4 31. Bc5+ Ke8 32. Rh8+ 1-0

[Event "Ä19 "]
[Site "Loo"]
[Date "2017.04.20"]
[Round "1.1"]
[White "Äîëãàåâà, Åâãåíèÿ."]
[Black "Äðîãîâîç, Èðèíà."]
[Result "0-1"]
[WhiteElo "1946"]
[BlackElo "2286"]
[PlyCount "66"]
[EventDate "2017.04.20"]

1. e4 c5 2. Nf3 d6 3. d4 cxd4 4. Nxd4 Nf6 5. Nc3 a6 6. h3 g6 7. g4 Bg7 8. Bg2
O-O 9. Be3 Nc6 10. Nde2 Bd7 11. O-O b5 12. Rc1 Ne5 13. b3 Rc8 14. Nd5 Bc6 15.
Ng3 Nxd5 16. exd5 Bb7 17. Qd2 Nd7 18. c4 bxc4 19. bxc4 a5 20. Bd4 Ne5 21. c5
dxc5 22. Rxc5 Rxc5 23. Bxc5 Nc4 24. Qe2 Nd6 25. Rb1 Qc8 26. Ba3 Qc7 27. Rc1 Qd7
28. Qd2 Nb5 29. Bc5 Rc8 30. Ne2 Nc3 31. Rxc3 Bxc3 32. Qxc3 Qb5 33. Qe3 Qxc5 0-1

[Event "Ä19 "]
[Site "Loo"]
[Date "2017.04.20"]
[Round "1.2"]
[White "Ïðîòîïîïîâà, Àíàñòàñèÿ."]
[Black "Ïåðôèëîâà, Ìàðèÿ."]
[Result "1-0"]
[WhiteElo "2266"]
[BlackElo "1895"]
[PlyCount "99"]
[EventDate "2017.04.20"]

1. d4 Nf6 2. c4 g6 3. Nc3 Bg7 4. e4 d6 5. h3 O-O 6. Be3 e5 7. d5 c5 8. g4 Na6
9. Be2 Ne8 10. Nf3 Nac7 11. a3 a6 12. b4 b6 13. g5 f5 14. gxf6 Nxf6 15. Nd2 Qe7
16. h4 h5 17. f3 Bd7 18. Nb3 Nh7 19. Kd2 Nf6 20. Qg1 Kh7 21. Qg5 Ng8 22. Qxe7
Nxe7 23. bxc5 bxc5 24. Nxc5 dxc5 25. d6 Nc6 26. dxc7 Nd4 27. Rab1 Rac8 28. Rb7
Bc6 29. Ra7 Rf7 30. Rxa6 Rcxc7 31. Nb5 Bxb5 32. cxb5 Nxf3+ 33. Bxf3 Rxf3 34. b6
Rb7 35. Bxc5 Rff7 36. Ra7 Kg8 37. a4 Bf8 38. Rxb7 Rxb7 39. Bxf8 Kxf8 40. a5 Ke7
41. Rb1 Kd6 42. a6 Rd7 43. a7 Kc6+ 44. Ke3 Kb7 45. Rf1 Rd8 46. Rf6 Rg8 47. Re6
Rc8 48. Rxg6 Rc3+ 49. Kd2 Ra3 50. Rg8 1-0

[Event "Ä19 "]
[Site "Loo"]
[Date "2017.04.20"]
[Round "1.3"]
[White "×èñòÿêîâà, Äàðüÿ."]
[Black "Ëûñåíêî, Ìàðãàðèòà."]
[Result "1/2-1/2"]
[WhiteElo "1893"]
[BlackElo "2193"]
[PlyCount "130"]
[EventDate "2017.04.20"]

1. e4 c5 2. Nf3 Nc6 3. d4 cxd4 4. Nxd4 g6 5. c4 Bg7 6. Be3 Nf6 7. f3 O-O 8. Nc3
d6 9. Be2 Bd7 10. O-O Nxd4 11. Bxd4 Bc6 12. Be3 b6 13. Qc2 Qc7 14. f4 Rac8 15.
Rac1 Qb7 16. Bf3 Nd7 17. Nd5 Nc5 18. f5 Bxd5 19. exd5 Nd7 20. fxg6 hxg6 21. Bg4
f5 22. Be2 Ne5 23. Qd2 Qd7 24. b4 Rf7 25. c5 dxc5 26. bxc5 bxc5 27. Rxc5 Rxc5
28. Bxc5 Rf8 29. Rd1 Rc8 30. Qb4 Bf6 31. d6 exd6 32. Bxd6 Qc6 33. Qb3+ Kg7 34.
Bxe5 Bxe5 35. Bf3 Qb6+ 36. Qxb6 axb6 37. g3 Rc2 38. Bd5 Bd6 39. Bb3 Bc5+ 40.
Kh1 Rb2 41. Re1 Kf6 42. Rc1 Re2 43. Rc2 Re1+ 44. Kg2 Rg1+ 45. Kf3 g5 46. Ke2 f4
47. gxf4 gxf4 48. Kf3 Ke5 49. Bc4 Be3 50. Bb5 Rg7 51. Bd3 Rg1 52. Bb5 Rb1 53.
Bd3 Rg1 54. Bb5 Kd4 55. Rc4+ Kd5 56. Rc2 Ke5 57. Bc4 Kd4 58. Bb5 Rb1 59. a4 Ke5
60. Ba6 Rb3 61. Re2 Rc3 62. Bb5 Ra3 63. h4 Kf6 64. Kg4 Ra1 65. Rg2 Rc1 1/2-1/2